00318nam a2200121Ia 450000500170000000800410001708200130005810000170007124500240008826000380011230000120015050000340016220250508051730.0240331s9999 xx 000 0 und d bMAHa891 aMahendran, K 0aManitha soroopangal aThellippalaibKugan Achagamc1982 a71 p ., aA Collection of Short Stories